Dobrá pověst znamená opakovaný obchod. Poradenská služba pro vedoucí prodeje.

Riešenie problému reklamácie, sťažnosti zákazníka. Spôsob komunikácie so zákazníkom pri riešení reklamácie.

Gespeichert in:
Bibliographische Detailangaben
Format: Buchkapitel
Sprache:Tschechisch
Schlagworte:
Tags: Tag hinzufügen
Keine Tags, Fügen Sie das erste Tag hinzu!

MARC

LEADER 00000naa a2200000 4500
001 r013513
005 20221213083030.1
041 0 |a cze 
044 |a CZ 
245 1 0 |a Dobrá pověst znamená opakovaný obchod.  |b Poradenská služba pro vedoucí prodeje. 
520 |a Riešenie problému reklamácie, sťažnosti zákazníka. Spôsob komunikácie so zákazníkom pri riešení reklamácie. 
610 2 0 |a reklamácie 
610 2 0 |a zákazníci 
610 2 0 |a komunikácia 
610 2 0 |a predaj 
610 2 0 |a poradenstvo